Stolice podmiotów federalnych Federacji Rosyjskiej - Statystyki

Ogólne statystyki
  • Ten quiz został rozwiązany 32 razy
  • Średni wynik to 44 z 89
Statystyki odpowiedzi
Hint Odpowiedź % Poprawnych
Obwód archangielski Archangielsk
80%
Obwód astrachański Astrachań
80%
Obwód biełgorodzki Biełgorod
80%
Obwód briański Briańsk
80%
Kraj Chabarowski Chabarowsk
80%
Obwód chersoński (nieuznawane) Chersoń (de iure)/Geniczesk (de facto)
80%
Obwód czelabiński Czelabińsk
80%
Doniecka Republika Ludowa (nieuznawane) Donieck
80%
Republika Czeczeńska Grozny
80%
Obwód irkucki Irkuck
80%
Kraj Krasnodarski Krasnodar
80%
Kraj Krasnojarski Krasnojarsk
80%
Obwód królewiecki (kaliningradzki) Królewiec
80%
Obwód kurgański Kurgan
80%
Obwód kurski Kursk
80%
Ługańska Republika Ludowa (nieuznawane) Ługańsk
80%
Obwód magadański Magadan
80%
Obwód murmański Murmańsk
80%
Obwód nowosybirski Nowosybirsk
80%
Obwód omski Omsk
80%
Obwód orenburski Orenburg
80%
Kraj Stawropolski Stawropol
80%
Republika Sachy (Jakucji) Jakuck
70%
Obwód jarosławski Jarosław
70%
Obwód lipiecki Lipieck
70%
Obwód moskiewski Moskwa/Krasnogorsk
70%
Kraj Permski Perm
70%
Republika Krymu (nieuznawane) Symferopol
70%
Obwód kałuski Kaługa
60%
Obwód kemerowski Kemerowo
60%
Obwód kirowski Kirow
60%
Republika Dagestanu Machaczkała
60%
Obwód niżnonowogrodzki Niżny Nowogród
60%
Obwód pskowski Psków
60%
Obwód riazański Riazań
60%
Obwód rostowski Rostów nad Donem
60%
Obwód saratowski Saratów
60%
Obwód smoleński Smoleńsk
60%
Obwód twerski Twer
60%
Kraj Nadmorski Władywostok
60%
Obwód iwanowski Iwanowo
50%
Republika Tatarstanu Kazań
50%
Miasto Moskwa Moskwa
50%
Miasto Petersburg Petersburg
50%
Obwód samarski Samara
50%
Miasto Sewastopol (nieuznawane) Sewastopol
50%
Obwód tambowski Tambow
50%
Obwód tiumeński Tiumeń
50%
Obwód tomski Tomsk
50%
Obwód tulski Tuła
50%
Republika Buriacji Ułan Ude
50%
Obwód uljanowski Uljanowsk
50%
Obwód wołgogradzki Wołgograd
50%
Obwód woroneski Woroneż
50%
Kraj Zabajkalski Czyta
40%
Obwód sachaliński Jużnosachalińsk
40%
Obwód kostromski Kostroma
40%
Kraj Kamczacki Pietropawłowsk Kamczacki
40%
Republika Karelii Pietrozawodsk
40%
Obwód włodzimierski Włodzimierz
40%
Republika Chakasji Abakan
30%
Żydowski Obwód Autonomiczny Birobidżan
30%
Obwód amurski Błagowieszczeńsk
30%
Chanty-Mansyjski Okręg Autonomiczny – Jugra Chanty-Mansyjsk
30%
Republika Czuwaska Czeboksary
30%
Republika Udmurcka Iżewsk
30%
Republika Mari El Joszkar-Oła
30%
Republika Tuwy Kyzył
30%
Republika Adygei Majkop
30%
Obwód penzeński Penza
30%
Republika Baszkortostanu Ufa
30%
Obwód wołogodzki Wołogda
30%
Czukocki Okręg Autonomiczny Anadyr
20%
Republika Kałmucji Elista
20%
Republika Ałtaju Gornoałtajsk
20%
Obwód swierdłowski Jekaterynburg
20%
Obwód orłowski Orzeł
20%
Republika Mordowii Sarańsk
20%
Republika Komi Syktywkar
20%
Kraj Ałtajski Barnauł
10%
Republika Karaczajsko-Czerkieska Czerkiesk
10%
Republika Inguszetii Magas
10%
Obwód zaporoski (nieuznawane) Melitopol
10%
Republika Kabardyjsko-Bałkarska Nalczyk
10%
Obwód nowogrodzki Nowogród Wielki
10%
Republika Osetii Północnej – Alania Władykaukaz
10%
Obwód leningradzki Gatczyna
0%
Nieniecki Okręg Autonomiczny Narjan-Mar
0%
Jamalsko-Nieniecki Okręg Autonomiczny Salechard
0%
Nie znaleziono quizów pasujących do podanych kryteriów
Rozkład punktacji
Procent ludzi z każdym wynikiem
Percentyl według liczby udzielonych odpowiedzi
Twoja historia wyników
Nie rozwiązałeś tego quizu